000 00327nam a2200145Ia 4500
008 230718s9999 xx 000 0 und d
041 _aEng.
082 _a657
_bKAP-A
100 _aKaplan
245 0 _aAccounting for cests
260 _aPakistan
_bKaplan furtisthing
_c2008
300 _a252
650 _aLaw
999 _c27184
_d27184